书目信息 |
| 题名: |
景观园林植物图鉴
|
|
| 作者: | 闫双喜 , 刘保国 , 李永华 主编 | |
| 分册: | ||
| 出版信息: | 郑州 河南科学技术出版社 2013.02 |
|
| 页数: | 576页 | |
| 开本: | 29cm | |
| 丛书名: | ||
| 单 册: | ||
| 中图分类: | S68-64 | |
| 科图分类: | ||
| 主题词: | 园林植物--图谱 , 园林植物 | |
| 电子资源: | ||
| ISBN: | 978-7-5349-5128-2 | |
| 000 | 01163nam0 2200289 450 | |
| 001 | 010700148487 | |
| 005 | 20140609084614.92 | |
| 010 | @a978-7-5349-5128-2@dCNY198.00 | |
| 100 | @a20130515d2013 em y0chiy0110 ea | |
| 101 | 0 | @achi |
| 102 | @aCN@b410000 | |
| 105 | @aaf z 001yy | |
| 106 | @ar | |
| 200 | 1 | @a景观园林植物图鉴@9jing guan yuan lin zhi wu tu jian@dLandscape & garden plants illustrated handbook@f闫双喜,刘保国,李永华主编@zeng |
| 210 | @a郑州@c河南科学技术出版社@d2013.02 | |
| 215 | @a576页@c照片@d29cm | |
| 330 | @a全书包含景观园林植物160科1638种,同时命名了10个植物新变种或变型并配有3000余幅精美彩图,本书重点介绍了景观园林植物的识别要点、分布、习性等内容。 | |
| 333 | @a本书适合园林规划师、景观规划师、园林绿化工作者及广大植物爱好者阅读,同时也适合生物类、农林牧类和中草药学大专院校师生阅读 | |
| 510 | 1 | @aLandscape & garden plants illustrated handbook@zeng |
| 606 | 0 | @a园林植物@j图谱 |
| 606 | 0 | @a园林植物 |
| 690 | @aS68-64@v5 | |
| 701 | 0 | @a闫双喜@9yan shuang xi@4主编 |
| 701 | 0 | @a刘保国@9liu bao guo@4主编 |
| 701 | 0 | @a李永华@9li yong hua@4主编 |
| 801 | 0 | @aCN@b人天书店@c20130515 |
| 905 | @b547830-32@dS68-64@e282@f3 | |
| 景观园林植物图鉴=Landscape & garden plants illustrated handbook/闫双喜,刘保国,李永华主编.-郑州:河南科学技术出版社,2013.02 |
| 576页:照片;29cm |
| 使用对象:本书适合园林规划师、景观规划师、园林绿化工作者及广大植物爱好者阅读,同时也适合生物类、农林牧类和中草药学大专院校师生阅读 |
| ISBN 978-7-5349-5128-2:CNY198.00 |
| 全书包含景观园林植物160科1638种,同时命名了10个植物新变种或变型并配有3000余幅精美彩图,本书重点介绍了景观园林植物的识别要点、分布、习性等内容。 |
| ● |
| 相关链接 |
|
|
|
|
正题名:景观园林植物图鉴
索取号:S68-64/282
 
预约/预借
| 序号 | 登录号 | 条形码 | 馆藏地/架位号 | 状态 | 备注 |
| 1 | 547830 | 205478302 | 第二样本阅览室/ [索取号:S68-64/282] | 在馆 | |
| 2 | 547831 | 205478311 | 第三借阅区/ [索取号:S68-64/282] | 在馆 | |
| 3 | 547832 | 205478320 | 生命科学系资料室/ [索取号:S68-64/282] | 在馆 |